|
|
|
|
| LEADER |
01193nam a22003732a 4500 |
| 001 |
001401315 |
| 003 |
CZ BrMZK |
| 005 |
20140826103409.0 |
| 007 |
ta |
| 008 |
140708s1960 xr er|||||||||||cze d |
| 015 |
|
|
|a cnb000686272
|
| 035 |
|
|
|a (OCoLC)85463670
|
| 040 |
|
|
|a ABA001
|b cze
|c HKA001
|d ABA001
|d KVG001
|d BOA001
|
| 072 |
|
7 |
|a 547
|x Organická chemie
|2 Konspekt
|9 10
|
| 080 |
|
|
|a 547.455
|2 MRF
|
| 080 |
|
|
|a 547
|2 MRF
|
| 080 |
|
|
|a (048.8)
|2 MRF
|
| 245 |
0 |
0 |
|a Monosacharidy /
|c Jaroslav Staněk ... [et al.]
|
| 250 |
|
|
|a 1. vyd.
|
| 260 |
|
|
|a Praha :
|b Československá akademie věd,
|c 1960
|
| 300 |
|
|
|a 519 s. ;
|c 25 cm
|
| 500 |
|
|
|a 1500 výt.
|
| 504 |
|
|
|a Obsahuje bibliografie
|
| 650 |
0 |
7 |
|a organická chemie
|7 ph115600
|2 czenas
|
| 650 |
0 |
7 |
|a monosacharidy
|7 ph355397
|2 czenas
|
| 653 |
0 |
|
|a chemie
|a organická
|a monosacharidy
|a sacharidy
|
| 655 |
|
7 |
|a monografie
|7 fd132842
|2 czenas
|
| 700 |
1 |
|
|a Staněk, Jaroslav,
|d 1919-2003
|7 jk01120837
|4 aut
|
| 910 |
|
|
|a BOA001
|b 2-0437.686
|
| 928 |
9 |
|
|a ČSAV
|
| 928 |
9 |
|
|a Československá akademie věd
|
| 990 |
|
|
|a BK
|
| 991 |
|
|
|b 201407
|
| 996 |
6 |
|
|b 2619095185
|c 2-0437.686
|l MZK
|r Sklad / do 24 hodin
|n 1
|w 001436432
|u 000010
|a 1
|e BOA001
|j MZK50
|s P
|